ජාතික රාජ්ය සභාවේ 1975 අංක 11 දරණ පශු වෛද්ය හා පශු වෛද්ය වෟත්තික ( සංශෝධන ) පනත (Record no. 64324)
[ view plain ]
| 000 -LEADER | |
|---|---|
| fixed length control field | 00599nam a2200145Ia 4500 |
| 008 - FIXED-LENGTH DATA ELEMENTS--GENERAL INFORMATION | |
| fixed length control field | 180921t1975 xxu||||| ||||o00| 0 sin d |
| 041 ## - LANGUAGE CODE | |
| Language code of text/sound track or separate title | Sinhala; Sinhalese |
| 942 ## - ADDED ENTRY ELEMENTS (KOHA) | |
| Koha item type | Books |
| 003 - CONTROL NUMBER IDENTIFIER | |
| control field | LK-CoDNM |
| 040 ## - CATALOGING SOURCE | |
| Original cataloging agency | LK-CoDNM |
| Modifying agency | LK-CoDNM |
| Description conventions | LK-CoDNM |
| 245 ## - TITLE STATEMENT | |
| Title | ජාතික රාජ්ය සභාවේ 1975 අංක 11 දරණ පශු වෛද්ය හා පශු වෛද්ය වෟත්තික ( සංශෝධන ) පනත |
| 246 ## - VARYING FORM OF TITLE | |
| Title proper/short title | Jathika Rajjya Sabawe 1975 Anka 11 Darana Pashu Vaiddya ha Pashu Vaiddya Wurthika ( Sanshodana ) Panatha |
| 260 ## - PUBLICATION, DISTRIBUTION, ETC. (IMPRINT) | |
| Date of publication, distribution, etc. | 1975 |
| 300 ## - PHYSICAL DESCRIPTION | |
| Extent | p.2-3, 28 cm |
| Withdrawn status | Lost status | Damaged status | Not for loan | Collection code | Permanent Location | Current Location | Date acquired | Barcode | Koha item type |
|---|---|---|---|---|---|---|---|---|---|
| Government Publications | Library National Museum Colombo - Sri Lanka | Library National Museum Colombo - Sri Lanka | 2014-02-24 | 118541-3-1 | Books |


